000 00692nam 22002173 4500
001 201951
010 _a972-8146-19-1
021 _aPT
_b87266
090 _a201951
100 _a20260424d u||y0pory50 ba
200 _aRaul de Carvalho entre o silêncio e a solidão
_eentre o silêncio e a solidão : ensaio
_fSerafim Ferreira
205 _a
210 _aPorto
_cCampo das Letras
_d1995
215 _a117 p.
_cbrochado
_d21 cm
225 _aCampo da Literatura/ Ensaio
606 _91822
_aLiteratura Portuguesa Ensaio
675 _a821.134.3-4"19"
_vPT
_zpor
700 _910447
_a Ferreira
_bSerafim
_f1939 - 2015
801 _aPT
_bBMMN
_gRPC
830 _cAna Falardo
_fAna Falardo
990 _cLIVROS